Music Quiz

Random Music or Kpop Quiz

Can you name all the kpop fanbases of those groups? Quiz Stats

 Plays Quiz not verified by Sporcle

Challenge
Share
Tweet
Score 0/52 Timer 15:00
0 Plays Today
% Correct
Blackjack
89.3%
Igot7
89%
Exo-l
84.1%
Army
83.5%
Sone
73.4%
Starlight
71.7%
Vip
70.1%
Elf
69.8%
Hottest
66.5%
Shawol
65.9%
Ikonic
64%
Carat
64%
Innercircle
64%
Beauty
63.7%
Baby
63.5%
4nia
61.5%
Bana
58%
Bbc
54.9%
Pink panda
54.7%
Say a
50.5%
Elvis
50%
Melody
49.2%
Monbebe
48.1%
Best friend
47%
Angel
46.2%
Kiss me
44.2%
% Correct
Boice
43.4%
I am
43.1%
Queen
42.9%
Me u
42.9%
Moo moo
37.4%
Daisy
36%
Lego
35.4%
Love
35.4%
Kamilia
34.9%
Primadonna
34.6%
Wonderful
34.6%
Inspirit
34.3%
Star1
33.2%
Topp klass
24.7%
Mine
20.1%
My girl
17.9%
Storia
16.2%
Triple s
15.9%
Darling
15.4%
Unicorn
14.8%
Lavely
14.3%
Let's
12.9%
Key
11.3%
N fia
11.3%
Davichi Chord
11.3%
Mapsi
9.6%

You're not logged in!

Compare scores with friends on all Sporcle quizzes.
OR
Log In

You Might Also Like...

Show Comments

Extras

Created Feb 28, 2016ReportNominate
Tags:Kpop Quiz, fanfare, group

Top Quizzes Today


Score Distribution

Your Account Isn't Verified!

In order to create a playlist on Sporcle, you need to verify the email address you used during registration. Go to your Sporcle Settings to finish the process.

Report this User

Report this user for behavior that violates our Community Guidelines.

Details: